| 000 | 00798nam a22002777a 4500 | ||
|---|---|---|---|
| 001 | 000316 | ||
| 003 | DO-SdBNP | ||
| 005 | 20171130085536.0 | ||
| 007 | 000316 | ||
| 008 | 160624b 2001 sp | 00| 0 spa d | ||
| 020 | _a9788466320535 | ||
| 040 |
_aBPMSU _bspa _cBPMSU |
||
| 092 |
_axxxxxx _bxxxxxx |
||
| 100 | 1 |
_aPérez-Reverte, Arturo, _d1951- |
|
| 245 | 1 | 0 |
_aEl capitán Alatriste : _cArturo y Carlota Pérez-Reverte. _by la españa del Siglo de Oro / |
| 250 | _a | ||
| 260 |
_aMadrid : _bEl País, _c2001 |
||
| 300 |
_a156 p. ; _c29 cm. |
||
| 490 | 1 |
_a _v |
|
| 500 | _aUna carpeta con varios volumenes | ||
| 700 | 1 | 2 |
_aPérez-Reverte, Carlota, _d1983- |
| 830 | 0 |
_p _v |
|
| 942 |
_2ddc _cBK |
||
| 945 | _aInventariado extranjero / 2017 VM | ||
| 956 |
_2VMATEO _310 _620171101 _8BPMSU _a00041 |
||
| 999 |
_c13219 _d13219 |
||